• 首页
  • 本馆介绍
  • 公告通知
  • 最新文献
  • 馆藏检索
  • 电子资源
  • 读者荐购
  • 参考咨询
  • CALIS
  • 我的图书馆
  • 登录
  • 详细信息显示
  • 放入我的书架
  • 预约/预借图书
  • 作者相关作品
  • 分类相关作品
  • 丛书相关作品
  • 出版社相关作品

书目信息

  • 表格格式
  • 工作单格式
  • 卡片格式
题名:
全国煤矿优秀“五小”成果和先进适用技术精选
    
 
作者: 汤家轩 主编 ;煤炭工业技术委员会 编
分册:  
出版信息: 北京   煤炭工业出版社  2018.07
页数: 280页
开本: 26cm
丛书名:
单 册:
中图分类: TD82
科图分类:
主题词: 煤矿开采--mei kuang kai cai
电子资源:
ISBN: 978-7-5020-6066-4
 
 
 
 
 
000 01143nam0 2200253 450
001 0100010295
005 20190905093951.0
010    @a978-7-5020-6066-4@dCNY65.00
100    @a20190901d2018 em y0chiy50 ea
101 0  @achi
102    @aCN@b110000
105    @aak z 000yy
106    @ar
200 1  @a全国煤矿优秀“五小”成果和先进适用技术精选@Aquan guo mei kuang you xiu “ wu xiao ” cheng guo he xian jin shi yong ji shu jing xuan@f煤炭工业技术委员会编
210    @a北京@c煤炭工业出版社@d2018.07
215    @a280页@c图@d26cm
314    @a书内题: 汤家轩主编
330    @a《全国煤矿优秀“五小”成果和先进适用技术精选》由煤矿“五小”优秀成果和煤矿先进适用技术成果两部分内容组成, 其中煤矿“五小”优秀成果包括井工开采、露天开采、机电运输、电气自动化、矿山建设、信息化、防治水、防灭火和选煤等9个专业, 煤矿先进适用技术成果包括煤矿开采、煤矿施工、灾害防治、洗选加工、环境保护等5个专业。
606 0  @a煤矿开采@Amei kuang kai cai
690    @aTD82@v5
701  0 @a汤家轩@Atang jia xuan@4主编
712 02 @a煤炭工业技术委员会@Amei tan gong ye ji shu wei yuan hui@4编
801  0 @aCN@c20190905
905    @a河南城建学院图书馆@dTD82@eT187
    
    全国煤矿优秀“五小”成果和先进适用技术精选/煤炭工业技术委员会编.-北京:煤炭工业出版社,2018.07
    280页:图;26cm
    
    
    ISBN 978-7-5020-6066-4:CNY65.00
    《全国煤矿优秀“五小”成果和先进适用技术精选》由煤矿“五小”优秀成果和煤矿先进适用技术成果两部分内容组成, 其中煤矿“五小”优秀成果包括井工开采、露天开采、机电运输、电气自动化、矿山建设、信息化、防治水、防灭火和选煤等9个专业, 煤矿先进适用技术成果包括煤矿开采、煤矿施工、灾害防治、洗选加工、环境保护等5个专业。
●
相关链接 在E读中查询图书 在当当中查询图书 在豆瓣中查询图书


正题名:全国煤矿优秀"五小"成果和先进适用技术精选     索取号:TD82/T187         预约/预借

序号 登录号 条形码 馆藏地/架位号 状态 备注
1 1437898   214378984   自科库501/501自科库 21排4列2层/ [索取号:TD82/T187] 在馆    
2 1437899   214378993   自科库501/501自科库 21排4列2层/ [索取号:TD82/T187] 在馆    
河南城建学院图书馆 欢迎您!
大连网信软件有限公司© 版权所有